00475 2200193 4500001002100000005001500021008004100036020001800077035001900095041000700114082000800121090001400129100001700143245003700160260001700197300002900214500001000243650002800253INLIS00000000000359320241224112743241224||||||||| | ||| |||| || |  a979-24-5690-2 0010-1224003593 aid0 a901 a901 SUH g0 aNeni Suhaeni00aGalileo Galilei: Saintis Brilian bNuansac2009 a80 hlm. : ilus, ; 20 cm. aCet.1 0aIlmu Sejarah & Biografi